| 000 | 01024cam a2200133 4500500 | ||
|---|---|---|---|
| 005 | 20260222044723.0 | ||
| 041 | _afre | ||
| 042 | _adc | ||
| 100 | 1 | 0 |
_aDalla Piazza, Serge _eauthor |
| 245 | 0 | 0 | _aVers une (ré)adaptation écologique |
| 260 |
_bL'Harmattan,
_c2017. |
||
| 520 | _aA la fois essai et traité, cet ouvrage propose une nouvelle vision de la (ré)adaptation afin qu'elle s'inscrive dans un contexte écologique au niveau de l'individu blessé ou malade. Des perspectives évaluatives et méthodologiques adaptées sont ainsi proposées en adéquation avec cette nouvelle approche. Trois concepts majeurs sont ainsi introduits : il n'y a pas d'évolution vers un idéal personnel ou sociétal ; l'adaptation est toujours un mécanisme relatif à un environnement à un moment donné ; la (ré)adaptation ne peut jamais qu'avoir une base communautaire et s'inscrire dans l'avenir. | ||
| 856 | 4 | 1 | _uhttps://shs.cairn.info/Vers-une-readaptation-ecologique--9782343121062?lang=fr&redirect-ssocas=7080 |
| 999 |
_c1670516 _d1670516 |
||